Giáo trình Hệ thống truyền động thủy lực và khí nén

Trình bày về cấu trúc, nguyên lí hoạt động, sơ đồ kết cấu và các tính toán cơ bản về truyền động thuỷ lực và truyền động - điều khiển khí nén.

Na minha lista:
Detalhes bibliográficos
Autor principal: Trần Ngọc Hải (Chủ biên)
Outros Autores: Trần Xuân Tùy
Formato: Livro
Idioma:Vietnamese
Publicado em: H. Xây dựng 2014
Edição:Tái bản
Assuntos:
Tags: Adicionar Tag
Sem tags, seja o primeiro a adicionar uma tag!
Thư viện lưu trữ: Thư viện Trường Đại học Nam Cần Thơ
LEADER 01710nam a22002657a 4500
001 NCT_36026
008 180522b xxu||||| |||| 00| 0 vie d
999 |c 1737  |d 1737 
020 |c 96000 
082 0 4 |2 23rd ed.  |a 621.51  |b H103 
100 1 |a Trần Ngọc Hải  |e Chủ biên 
245 1 0 |a Giáo trình Hệ thống truyền động thủy lực và khí nén  |c Trần Ngọc Hải, Trần Xuân Tùy 
250 |a Tái bản 
260 |a H.  |b Xây dựng  |c 2014 
300 |a 259tr.  |b Minh họa  |c 27cm 
520 3 |a Trình bày về cấu trúc, nguyên lí hoạt động, sơ đồ kết cấu và các tính toán cơ bản về truyền động thuỷ lực và truyền động - điều khiển khí nén. 
653 |a Công nghệ Kỹ thuật Ô tô 
700 1 |a Trần Xuân Tùy 
942 |2 ddc  |c BK 
952 |0 0  |1 0  |2 ddc  |4 0  |6 621_510000000000000_H103  |7 0  |9 8441  |a 000001  |b 000001  |d 2018-05-22  |o 621.51 H103  |p MD.10593  |r 2018-05-22  |v 96000.00  |w 2018-05-22  |y BK 
952 |0 0  |1 0  |2 ddc  |4 0  |6 621_510000000000000_H103  |7 0  |9 8442  |a 000001  |b 000001  |d 2018-05-22  |o 621.51 H103  |p MD.10594  |r 2018-05-22  |v 96000.00  |w 2018-05-22  |y BK 
952 |0 0  |1 0  |2 ddc  |4 0  |6 621_510000000000000_H103  |7 0  |9 8443  |a 000001  |b 000001  |d 2018-05-22  |o 621.51 H103  |p MD.10595  |r 2018-05-22  |v 96000.00  |w 2018-05-22  |y BK 
952 |0 0  |1 0  |2 ddc  |4 0  |6 621_510000000000000_H103  |7 0  |9 8444  |a 000001  |b 000001  |d 2018-05-22  |o 621.51 H103  |p MD.10596  |r 2018-05-22  |v 96000.00  |w 2018-05-22  |y BK 
952 |0 0  |1 0  |2 ddc  |4 0  |6 621_510000000000000_H103  |7 0  |9 8463  |a 000001  |b 000001  |d 2018-05-22  |o 621.51 H103  |p MD.10681  |r 2018-05-22  |v 96000.00  |w 2018-05-22  |y BK 
980 |a Thư viện Trường Đại học Nam Cần Thơ